000
00317nam a2200133Ia 4500
008
231129s1955||||xx |||||||||||||| ||spa||
040
_b
spa
082
_a
923.252 V785c
100
_a
Vining Elizabeth Gray
245
0
_a
Cuatro aƱos en la corte del japon
260
_c
1955
264
_a
Juventud
942
_2
ddc
_c
BKS
999
_c
8400
_d
8400